000 00713nam a22002530a 4500
001 PT1286
003 AR-LpoUNG
005 20260131014316.0
008 201001suuuu||||bl |||||||||||||||||spa d
040 _aAR-LpoUNG
_bspa
_eaacr
041 _aspa
082 0 _a334.01 787con
100 1 _aCoraggio, José Luis
_93
245 1 3 _aLa construcción de una economía popular como horizonte para ciudades sin rumbo
260 _as.l. :
_bs.e.,
_cs.f.
300 _a28 p. :
_btbls., gráfs.
_3Impreso
490 0 _aPonencias ;
_vno.7
650 4 _aDESARROLLO ECONOMICO Y SOCIAL
650 4 _aGLOBALIZACION
650 4 _aPOBLACION
710 2 _aInstituto Fronesis (Quito)
905 _a1286
942 _cLIB
_2ddc
999 _c51695
_d51695